| 000 | 00460nam a2200157 a 4500 | ||
|---|---|---|---|
| 001 | 000038327 | ||
| 005 | 20201002031229.0 | ||
| 008 | 130409s1978 sp 000 0 spa d | ||
| 020 | _a8425206251 | ||
| 040 |
_aDO-SdBNP _bspa _cBNPHU |
||
| 100 | 1 |
_aJones, J. Christopher _964692 |
|
| 245 | 1 | 0 |
_aMétodos de diseño / _cJ. Christopher Jones. |
| 260 |
_aBarcelona : _bGustavo Gili, _c1978. |
||
| 300 |
_a372 : _bils. ; _c25 cm. |
||
| 500 | _aBibliografía : p. 363-370 | ||
| 999 |
_c37817 _d37817 |
||